Chomsky: ideas and ideals Ed 2 (Record no. 167377)
[ view plain ]
| 000 -LEADER | |
|---|---|
| fixed length control field | 00597nam a2200229Ia 4500 |
| 003 - CONTROL NUMBER IDENTIFIER | |
| control field | OSt |
| 005 - DATE AND TIME OF LATEST TRANSACTION | |
| control field | 20230622163850.0 |
| 008 - FIXED-LENGTH DATA ELEMENTS--GENERAL INFORMATION | |
| fixed length control field | 210423s2005 xx 000 0 und d |
| 020 ## - INTERNATIONAL STANDARD BOOK NUMBER | |
| International Standard Book Number | 978-0-521-54688-1 |
| 040 ## - CATALOGING SOURCE | |
| Transcribing agency | AL |
| 041 ## - LANGUAGE CODE | |
| Language code of text/sound track or separate title | eng |
| 082 ## - DEWEY DECIMAL CLASSIFICATION NUMBER | |
| Classification number | 410.92 |
| Edition number | 23 |
| Item number | SMIC |
| 100 ## - MAIN ENTRY--PERSONAL NAME | |
| Personal name | SMITH (Neil) |
| 9 (RLIN) | 114182 |
| 245 ## - TITLE STATEMENT | |
| Title | Chomsky: ideas and ideals Ed 2 |
| 260 ## - PUBLICATION, DISTRIBUTION, ETC. | |
| Place of publication, distribution, etc. | New York |
| Name of publisher, distributor, etc. | Cambridge University Press |
| Date of publication, distribution, etc. | 2005 |
| 300 ## - PHYSICAL DESCRIPTION | |
| Extent | xiv,282 |
| Other physical details | PB |
| 365 ## - TRADE PRICE | |
| Price amount | 2952.95 |
| Currency code | GBP |
| 650 ## - SUBJECT ADDED ENTRY--TOPICAL TERM | |
| Topical term or geographic name entry element | Language |
| 9 (RLIN) | 114183 |
| 650 ## - SUBJECT ADDED ENTRY--TOPICAL TERM | |
| Topical term or geographic name entry element | Linguistics |
| 9 (RLIN) | 114184 |
| 906 ## - LOCAL DATA ELEMENT F, LDF (RLIN) | |
| a | Chomsky: ; ideals ; ideas |
| 942 ## - ADDED ENTRY ELEMENTS (KOHA) | |
| Source of classification or shelving scheme | Dewey Decimal Classification |
| Koha item type | Book |
| Withdrawn status | Lost status | Damaged status | Not for loan | Collection code | Home library | Current library | Date acquired | Source of acquisition | Cost, normal purchase price | Total Checkouts | Full call number | Barcode | Date last seen | Price effective from | Koha item type |
|---|---|---|---|---|---|---|---|---|---|---|---|---|---|---|---|
| MA English | St Aloysius PG Library | St Aloysius PG Library | 11/21/2015 | Biblios Book Point | 2952.95 | 410.92 SMIC | PG013878 | 08/24/2022 | 04/26/2021 | Book | |||||
| MA English | St Aloysius PG Library | St Aloysius PG Library | 11/21/2015 | Biblios Book Point | 2952.95 | 410.92 SMIC | PG013879 | 08/24/2022 | 04/26/2021 | Book |